000 00438nam a2200145Ia 4500
008 230917s9999||||xx |||||||||||||| ||und||
040 _e119565
_aMAIN
041 _aEnglish
082 _a340 S64E
100 _aSIngh, S S
245 0 _aEvaluation of the effectiveness of the implementation of the Consumer Protection Act, 1986
260 _aNew Delhi
_bIndian Institute of Public Administration
_c1994
300 _a81 p.
942 _cBK
999 _c132402
_d132402